Je obchod v rámci vnútorného trhu EÚ skutočne slobodný? Ukážka učebného textu

Salvato in:
Dettagli Bibliografici
Autore principale: Mogyorosiová, Zuzana, 1975-
Natura: Capitolo di libro
Lingua:slovacco
Tags: Aggiungi Tag
Nessun Tag, puoi essere il primo ad aggiungerne!!

MARC

LEADER 00000naa$a2200000$$$4500
001 0063773
005 20240502083153.3
041 0 |a slo 
044 |a CZ 
245 1 0 |a Je obchod v rámci vnútorného trhu EÚ skutočne slobodný?  |b Ukážka učebného textu  |c Zuzana Mogyorosiová 
100 1 |a Mogyorosiová, Zuzana, 1975-